000 00351 a2200157 4500
001 74036
020 _a978852092098-5
040 _cAnchieta - Colégio São Paulo
100 _aBloom, Amy
240 1 0 _aLonge daqui
_lpor
245 1 0 _aLonge daqui
300 _a222
362 0 _a2008
650 4 _aFicção norte-americana em inglês
942 _cBK
999 _c74036
_d74036